书目信息 |
| 题名: |
剑桥雅思全真试题6原版解析
|
|
| 作者: | ;环球雅思教学研究中心GTRC 主编 | |
| 分册: | ||
| 出版信息: | 北京 中国人民大学出版社 2007 |
|
| 页数: | 246页 | |
| 开本: | 25cm | |
| 丛书名: | ||
| 单 册: | ||
| 中图分类: | H31 | |
| 科图分类: | ||
| 主题词: | 英语--解题--高等教育 , 英语 | |
| 电子资源: | ||
| ISBN: | 978-7-300-08483-1 | |
| 000 | 00830nam0 2200253 450 | |
| 001 | 003557953 | |
| 005 | 20080326085810.64 | |
| 010 | @a978-7-300-08483-1@dCNY30.00 | |
| 035 | @a003557953 | |
| 100 | @a20070327d2007 em y0chiy0110 ea | |
| 101 | 0 | @achi@aeng |
| 102 | @aCN@b110000 | |
| 105 | @aa zq 000yy | |
| 106 | @ar | |
| 200 | 1 | @a剑桥雅思全真试题6原版解析@Ajian qiao ya si quan zhen shi ti6 yuan ban jie xi@f环球雅思教学研究中心GTRC主编 |
| 210 | @a北京@c中国人民大学出版社@d2007 | |
| 215 | @a246页@c照片@d25cm | |
| 330 | @a本书给出了剑桥雅思全真试题中每个题目的详解过程,逐题解答,分项精讲。 | |
| 606 | 0 | @a英语@x解题@x高等教育 |
| 606 | 0 | @a英语 |
| 690 | @aH31@v4 | |
| 711 | 02 | @a环球雅思教学研究中心GTRC@Ahuan qiu ya si jiao xue yan jiu zhong xinG TRC@4主编 |
| 801 | 0 | @aCN@bNLC@c20080326 |
| 905 | @dH31@e1423@f10 | |
| 剑桥雅思全真试题6原版解析/环球雅思教学研究中心GTRC主编.-北京:中国人民大学出版社,2007 |
| 246页:照片;25cm |
| ISBN 978-7-300-08483-1:CNY30.00 |
| 本书给出了剑桥雅思全真试题中每个题目的详解过程,逐题解答,分项精讲。 |
| ● |
| 相关链接 |
|
|
|
|
正题名:剑桥雅思全真试题6原版解析
索取号:H31/1423
 
预约/预借
| 序号 | 登录号 | 条形码 | 馆藏地/架位号 | 状态 | 备注 |
| 1 | 0792831 | 207928313 | 第二样本阅览室/ [索取号:H31/1423] | 在馆 | |
| 2 | 0792832 | 207928322 | 第四借阅区/ [索取号:H31/1423] | 在馆 | |
| 3 | 0792833 | 207928331 | 第四借阅区/ [索取号:H31/1423] | 在馆 | |
| 4 | 0792834 | 207928340 | 第四借阅区/ [索取号:H31/1423] | 在馆 | |
| 5 | 0792835 | 207928359 | 第四借阅区/ [索取号:H31/1423] | 在馆 | |
| 6 | 0792836 | 207928368 | 第四借阅区/ [索取号:H31/1423] | 在馆 | |
| 7 | 0792837 | 207928377 | 第四借阅区/ [索取号:H31/1423] | 在馆 | |
| 8 | 0792838 | 207928386 | 第四借阅区/ [索取号:H31/1423] | 在馆 | |
| 9 | 0792839 | 207928395 | 第四借阅区/ [索取号:H31/1423] | 在馆 | |
| 10 | 0792840 | 207928402 | 第四借阅区/ [索取号:H31/1423] | 在馆 |